00834nam a22002411 450000100060000000300080000600500170001400800390003103500190007003500200008904000410010904100080015008200200015810000390017824500610021726000680027830000600034650000100040650000400041650200480045650400430050460000450054718047BD-RjUL20211209000229.0140219r1966 nyu 001 0 eng a(BD-RjUL)18105 a(OCoLC)36603055 aDLCcNNCdTNJdWUdDLCdBD-RjULbeng aeng a928.2bTHC 19661 aThomas, Eleanor Walter,d1880-196910aChristina Georgina Rossetti /cEleanor Walter Thomas ... aNew York :bColumbia university press,cc1931 [Reprinted 1966]. aviii p., 1 l., 229 p. :bill., front. (port.) ;c21 cm. aVita. aPublished also without thesis note. aThesis (PH. D.)--Columbia university, 1931. aBibliography: p. [213]-222. and index.10aRossetti, Christina Georgina,d1830-1894